000 00380nam a2200145Ia 4500
005 20240821151439.0
008 240821s9999||||xx |||||||||||||| ||und||
082 _a745.5 SHA
100 _aShaw, David
245 0 _aBoys book of things to do
260 _aLondon
_bWard Lock and Co.
_c196
300 _a256p
650 _aArts, Crafts, Music, Sports and Recreations
942 _cBK
999 _c24549
_d24549